• 首页
  • 本馆介绍
  • 公告通知
  • 最新文献
  • 馆藏检索
  • 电子资源
  • 读者导购
  • 参考咨询
  • 我的图书馆
  • 登录
  • 详细信息显示
  • 放入我的书架
  • 预约/预借图书
  • 作者相关作品
  • 分类相关作品
  • 丛书相关作品
  • 出版社相关作品

书目信息

  • 表格格式
  • 工作单格式
  • 卡片格式
题名:
报告文学纵横谈
    
 
作者: 尹均行 , 杨如鹏 编著
分册:  
出版信息: 成都   四川人民出版社  1983
页数: 211页
开本: 19cm
丛书名:
单 册:
中图分类: I055
科图分类:
主题词: 文学理论--各体 , 创作方法--各体
电子资源:
ISBN:
000 00711nam0 2200265 45
001 0183007460
005 20040428160051.6
010    @dCNY0.60
091    @a10118.681
100    @a19950621d1983 em y0chiy0121 ea
101 0  @achi
102    @aCN@b510000
105    @ay z 000zd
106    @ar
200 10 @a报告文学纵横谈@Abao gao wen xue zong heng tan@f尹均行,杨如鹏编著
210    @a成都@c四川人民出版社@d1983
215    @a211页@d19cm
606 0  @a文学理论@x各体
606 0  @a创作方法@x各体
690    @aI055
701  0 @a尹均行@Ayin jun xing@4编著
701  0 @a杨如鹏@Ayang ru peng@4编著
801  0 @aCN@b上海图书馆@c20040428
801  2 @aCN@bNLC@c20040428
905    @f3@b98215-217@dI055@e26
    
    报告文学纵横谈/尹均行,杨如鹏编著.-成都:四川人民出版社,1983
    211页;19cm
    
    
    ISBN :CNY0.60
    
●
相关链接 在E读中查询图书 在五车中查询图书 在当当中查询图书 在豆瓣中查询图书


正题名:报告文学纵横谈     索取号:I055/26         预约/预借

序号 登录号 条形码 馆藏地/架位号 状态 备注
1 0098215   000909084   第二借阅区/ [索取号:I055/26] 在馆    
2 0098216   000909011   密集书库/ [索取号:I055/26] 在馆    
3 0098217   000909039   密集书库/ [索取号:I055/26] 在馆    
唐山师范学院图书馆 欢迎您!
大连网信软件有限公司© 版权所有